| 000 | 00636nam a2200193Ia 4500 | ||
|---|---|---|---|
| 003 | IN-BaIIA | ||
| 008 | 211028s9999 xx 000 0 eng d | ||
| 040 | _cIIA Library | ||
| 080 |
_a083.8:52-77 _bVER |
||
| 100 |
_aVeron-Cetty, M P _913896 |
||
| 245 | 2 |
_aA catalogue of quasars and active nuclei _cM P Veron-Cetty and P. Veron |
|
| 250 | _a3rd ed. | ||
| 260 |
_aGarching _bEuropean Southern Observatory _c1987 |
||
| 300 | _a119p. | ||
| 650 | _aAstronomy and Astrophysics Thesaurus | ||
| 650 |
_aCatalogue-Active galactic nuclei _915227 |
||
| 650 |
_aCatalogue-Quasars _913897 |
||
| 942 | _cBK | ||
| 999 |
_c9056 _d9056 |
||